Derechos del pueblo mexicano : México a través de sus constituciones /
Obra que estudia detenidamente cada uno de los artículos de la Constitución e informa sobre su aplicación histórica. El último volumen da cuenta de las reformas constitucionales hechas por la LVI Legislatura de la Cámara de Diputados
Збережено в:
| Формат: | Книга |
|---|---|
| Мова: | Іспанська |
| Опубліковано: |
México :
Congreso de la Unión, Cámara de Diputados, LV Legislatura : Miguel Angel Porrúa,
c1994-1997
|
| Редагування: | 4a edición |
| Предмети: | |
| Теги: |
Немає тегів, Будьте першим, хто поставить тег для цього запису!
|
MARC
| LEADER | 00000nam^a2200000^a^4500 | ||
|---|---|---|---|
| 001 | 000091688 | ||
| 005 | 20250521000000.0 | ||
| 009 | 20260310092655.522 | ||
| 020 | |a 968-842-445-5 | ||
| 037 | |a Acervo ITESO - Biblioteca | ||
| 041 | |a ESP | ||
| 082 | |a 342. 72 |b DER | ||
| 240 | 1 | 1 | |a [Derechos del pueblo mexicano] |
| 245 | 1 | 0 | |a Derechos del pueblo mexicano : |b México a través de sus constituciones / |c Cámara de Diputados. |
| 250 | |a 4a edición | ||
| 264 | 4 | |a México : |b Congreso de la Unión, Cámara de Diputados, LV Legislatura : |b Miguel Angel Porrúa, |c c1994-1997 | |
| 300 | |a 13 v. | ||
| 336 | |a texto |b txt |2 rdacontenido | ||
| 337 | |a sin mediación |b n |2 rdamedio | ||
| 338 | |a volumen |b nc |2 rdasoporte | ||
| 520 | |a Obra que estudia detenidamente cada uno de los artículos de la Constitución e informa sobre su aplicación histórica. El último volumen da cuenta de las reformas constitucionales hechas por la LVI Legislatura de la Cámara de Diputados | ||
| 649 | |a XX | ||
| 650 | |a Derecho Constitucional - |z México | ||
| 650 | |a Derecho Constitucional - |z México | ||
| 650 | |a Derecho Público - |z México | ||
| 910 | |a Fondo General | ||
| 920 | |a Impresos - Libros | ||
| 930 | |a Obras de Referencia | ||
| 905 | |a 102 | ||
| 901 | |a 0500026282 |b IT2 |c REF |u 20250521 | ||
| 901 | |a 0500026267 |b IT2 |c REF |u 20250521 | ||
| 901 | |a 0500026279 |b IT2 |c REF |u 20250521 | ||
| 901 | |a 0500026264 |b IT2 |c REF |u 20250521 | ||
| 901 | |a 0500026273 |b IT2 |c REF |u 20250521 | ||
| 901 | |a 0500026270 |b IT2 |c REF |u 20250521 | ||
| 901 | |a 0500026276 |b IT2 |c REF |u 20250521 | ||
| 901 | |a 0500026285 |b IT2 |c REF |u 20250521 | ||
| 901 | |a 0500026083 |b IT2 |c REF |u 20250521 | ||
| 901 | |a 0500026086 |b IT2 |c REF |u 20250521 | ||
| 901 | |a 0500026085 |b IT2 |c REF |u 20250521 | ||
| 901 | |a 0500026288 |b IT2 |c REF |u 20250521 | ||
| 901 | |a 0500026084 |b IT2 |c REF |u 20250521 | ||
| 902 | |a https://opac.biblio.iteso.mx/vufind/Record/000091688 | ||